000 00750nam a2200229 a 4500
001 51656
003 BD-RjUL
005 20211209075708.0
008 160901s1944 ii a|||| |||| 00| 0 eng d
035 _a(BD-RjUL)51776
040 _aBD-RjUL
_beng
_cBD-RjUL
_dBD-RjUL
041 _aeng
082 _223
_a954.08
_bINI 1944
110 _aIndian Institute of International Affairs.
_9154415
245 _aIndian papers for the British Commonwealth Relations Conference 1945 /
_cIndian Institute of International Affairs
260 _aNew Delhi :
_bKitabistan,
_c1944.
300 _a-V-
_c24 cm.
505 _aV-2
650 _aIndia
_vPolitics and government
_y1919-1947
_9154416
650 _aPolitics and government
_xIndia.
_9136891
942 _2ddc
_cBK
999 _c51656
_d51656